| 000 | 00404cam a2200145ua 4500 | ||
|---|---|---|---|
| 041 |
_aeng _h |
||
| 082 |
_a028.76329 _bNAJ/MO |
||
| 100 | _aNair, M R G K . | ||
| 245 |
_aMonograph on crop pests of Kerala and their control / _cM R G K Nair. _hTextual Documents |
||
| 260 |
_aThrissur : _bKerala Agricultural University , _c1978. |
||
| 300 | _a162 ; . | ||
| 504 | _a | ||
| 942 | _cBK | ||
| 999 |
_c8935 _d8935 |
||